000 00257nam a2200109Ia 4500
008 190216s9999||||xx |||||||||||||| ||und||
100 _aKesavan Nair & Secria
245 0 _aText Book Of Botany
260 _bViswanathan S.
650 _aBotany
942 _cBK
999 _c1019
_d1019